A Magyar Klinikai Neurogenetikai Társaság konszenzusajánlása a felnôttkori spinalis izomatrophia (SMA) kezeléséhez

Célkitűzés – A spinalis izomatrophia (SMA) az alsó motoneuronok pusztulásával járó progresszív, auto­szomális recesszív betegség. Az elmúlt években fordulat következett be az SMA oki kezelésében, két SMN2 splicing módosító és egy génterápiás gyógyszer vált elérhetővé. Kérdésfelvetés – Az új gyógysze...

Teljes leírás

Elmentve itt :
Bibliográfiai részletek
Szerzők: Boczán Judit
Klivényi Péter
Kálmán Bernadette
Széll Márta
Karcagi Veronika
Zádori Dénes
Molnár Mária Judit
Dokumentumtípus: Cikk
Megjelent: 2021
Sorozat:IDEGGYOGYASZATI SZEMLE / CLINICAL NEUROSCIENCE 74 No. 3-4
doi:10.18071/isz.74.0079

mtmt:31941409
Online Access:http://publicatio.bibl.u-szeged.hu/21382
LEADER 02979nab a2200277 i 4500
001 publ21382
005 20210505123130.0
008 210505s2021 hu o 0|| zxx d
022 |a 0019-1442 
024 7 |a 10.18071/isz.74.0079  |2 doi 
024 7 |a 31941409  |2 mtmt 
040 |a SZTE Publicatio Repozitórium  |b hun 
041 |a zxx 
100 1 |a Boczán Judit 
245 1 2 |a A Magyar Klinikai Neurogenetikai Társaság konszenzusajánlása a felnôttkori spinalis izomatrophia (SMA) kezeléséhez  |h [elektronikus dokumentum] /  |c  Boczán Judit 
260 |c 2021 
300 |a 79-86 
490 0 |a IDEGGYOGYASZATI SZEMLE / CLINICAL NEUROSCIENCE  |v 74 No. 3-4 
520 3 |a Célkitűzés – A spinalis izomatrophia (SMA) az alsó motoneuronok pusztulásával járó progresszív, auto­szomális recesszív betegség. Az elmúlt években fordulat következett be az SMA oki kezelésében, két SMN2 splicing módosító és egy génterápiás gyógyszer vált elérhetővé. Kérdésfelvetés – Az új gyógyszerek az SMA gyermekkori lefolyását érdemben módosítják, és egyes gyógyszerek felnőttkori hatásáról is egyre több adat érhető el. Nem áll azonban rendelkezésre olyan szakirodalom, ami a legújabb eredmények alapján segítséget nyújtana a felnőtt SMA-betegek kezeléséhez szükséges döntések meghozatalában. A Magyar Klinikai Neurogenetikai Társaság vezetősége áttekintette az SMA palliatív kezelésének irányelveit, a randomizált, kontrollált gyógyszervizsgálatokat, a felnőtt SMA-betegek retrospektív és prospektív gyógyszeres vizsgálatainak eredményeit. A vizsgálat alanyai – A konszenzusajánlás megalkotása szempontjából azokat a közleményeket értékeltük, amelyek a felnőttkort elérő, főként SMA II- és III-csoportba tartozó betegek gyógyszeres kezelésének eredményeiről szolgáltatnak adatokat. A konszenzusajánlást a felnőtt SMA-betegek kezeléséről kilenc pontban fogalmaztuk meg, ami kitér a gyógyszeres kezelés technikai, szakmai feltételeire, biztonságossági szempontjaira, a betegek kiválasztására, és hosszú távú monitorizálására. Ajánlásunk a legújabb információkra alapozva segíti a felnőtt SMA-betegek palliatív ellátását és gyógyszeres kezelését, a személyre szabott kezelés során figyelembe veendő hatékonysági és biztonságossági szempontokat nyújt. Rávilágít a későbbiekben megválaszo­lan­dó, egyelőre nyitott kérdésekre is. Az ajánlás mindennapi gyakorlatban való használata a kezelés optimalizációját eredményezheti. 
700 0 1 |a Klivényi Péter  |e aut 
700 0 1 |a Kálmán Bernadette  |e aut 
700 0 1 |a Széll Márta  |e aut 
700 0 1 |a Karcagi Veronika  |e aut 
700 0 1 |a Zádori Dénes  |e aut 
700 0 1 |a Molnár Mária Judit  |e aut 
856 4 0 |u http://publicatio.bibl.u-szeged.hu/21382/1/consensus-statement-of-the-hungarian-clinical-neurogenic-society-about-the-therapy-of-adult-sma-patients.pdf  |z Dokumentum-elérés